Bundesliga Spieler - Statistiken

Allgemein
  • Dieses Quiz wurde 235 mal gespielt
  • Das Durchschnittsergebnis liegt bei 23 aus 36
Antwortstatistiken
Verein Vorname Nachname % Korrekt
Bayern Harry Kane
100%
Dortmund Emre Can
98%
Stuttgart Deniz Undav
98%
Bayern Alphonso Davies
97%
Leverkusen Jonathan Tah
97%
Leverkusen Granit Xhaka
94%
Stuttgart Angelo Stiller
92%
Leipzig Xavi Simons
91%
Frankfurt Mario Götze
90%
Leipzig Willi Orban
90%
Dortmund Sehrou Guirassy
87%
Freiburg Matthias Ginter
81%
Gladbach Tim Kleindienst
76%
Mainz Nadiem Amiri
70%
Wolfsburg Maximilian Arnold
70%
Bremen Marvin Duksch
69%
Freiburg Christian Günter
68%
Mainz Dominik Kohr
64%
Heidenheim Paul Wanner
64%
Frankfurt Hugo Ekitike
62%
Kiel Lewis Holtby
58%
Hoffenheim Anton Stach
58%
Hoffenheim Marius Bülter
55%
Union Berlin Christopher Trimmel
51%
St. Pauli Jackson Irvine
50%
Union Berlin Frederik Rönnow
50%
Bremen Jens Stage
49%
St. Pauli Johannes Eggestein
45%
Gladbach Franck Honorat
39%
Bochum Philipp Hofmann
36%
Bochum Felix Passlack
33%
Wolfsburg Jakub Kaminski
31%
Heidenheim Leo Scienza
31%
Augsburg Elvis Rexhbecaj
22%
Kiel Benedikt Pichler
17%
Augsburg Jeffrey Gouweleeuw
16%
Keine übereinstimmenden Quizze gefunden
Verteilung der Resultate
Anzahl Personen mit jedem Resultat
Perzentil nach korrekt beantworteten Fragen
Ihre Resultats-Entwicklung
Sie haben dieses Quiz noch nicht gespielt